000
00304nam a22001337a 4500
008
170622b xxu||||| |||| 00| 0 eng d
020
_a
9780534222123
041
_a
eng
080
_2
9TH
_a
328
100
_a
21
101
_a
SHP
245
_a
MAJOR EUROPEAN GOVERNMENTS
_c
RASMUSSEN,J.S
942
_2
udc
_c
BK
999
_c
18765
_d
18765